000 00639cam a2200241 4500
008 090401t1990 xxu||||| |||| 00| 0 eng d
020 _a0632026839
035 _a(Sirsi) u66375
041 _aeng
050 _a692.8
100 _aPowell-Smith, Vincent
245 2 _aA building contract casebook
250 _a2nd ed.
260 _aLondon
_bBSP Professional Books
_c1990
300 _ax,517p. ; 23cm
350 _a39.95
520 _aSuperseded by 3rd ed 2000 (0632039914)
650 _aBUILT ENVIRONMENT-BUILDING CONTRACT FORMS
650 _aLAW CASES
700 _aFurmston, Michael
942 _n0
948 _c04/03/1997
999 _c94851
_d94851